Teaching engineering, science, mathematics : guidance by distinguished teachers /

Guardado en:
Autor Principal: Skilling, Hugh Hildreth, 1905-
Formato: Libro
Idioma:English
Publicado: Huntington, N.Y. : R. E. Krieger Pub. Co., 1977, c1969.
Materias:
Etiquetas: Agregar Etiqueta
Sin Etiquetas, Sea el primero en etiquetar este registro!
LEADER 01039cam a22002655a 4500
001 EIQ.libpla000171
008 760930t19771969nyu###########001#0#eng#d
005 20060509183317.0
245 1 0 |a Teaching engineering, science, mathematics :  |b guidance by distinguished teachers /  |c Hugh Hildreth Skilling. 
260 |a Huntington, N.Y. :  |b R. E. Krieger Pub. Co.,  |c 1977, c1969. 
300 |a iv, 124 p. ;  |c 22 cm. 
500 |a Incluye índice. 
500 |a Edición original de 1969 bajo el título: Do you teach? 
020 |a 0882754610 
100 1 |a Skilling, Hugh Hildreth,  |d 1905- 
082 0 0 |a 378.1/2 
650 4 |a Ingeniería  |x Estudio y enseñanza. 
650 4 |a Ingeniería  |x Estudio y enseñanza (Superior). 
650 4 |a Matemáticas  |x Estudio y enseñanza (Superior). 
650 0 |a Engineering  |x Study and teaching. 
650 0 |a Science  |x Study and teaching (Higher) 
650 0 |a Mathematics  |x Study and teaching (Higher) 
010 |a  76047476  
040 |a DLC  |c DLC  |d AR-BbSID 
859 |a AR-BbSID  |b BIB. PLAPIQUI  |h 378.12  |i Skil 33  |p 4191